000 00511nam a2200169Ia 4500
003 OSt
005 20260507124305.0
008 190216s9999||||xx |||||||||||||| ||und||
040 _coclc
082 _a491.439
_bSAD/S
100 _aSadiq, Hazarath Maulana Hakeem Muhammed
_98770
245 0 _aSalath Al Rasool /
_cHazarath Maulana Hakeem Muhammed Sadiq
260 _bNomani Kutub Khana,
_aLahore:
300 _a280p
650 _aArabic
942 _cBK
_2ddc
_h491.439
_iSAD/S
_k491.439
_mSAD/S
999 _c354
_d354